| 000 | 01238ngm a22004210a 4500 | ||
|---|---|---|---|
| 001 | PT50782 | ||
| 003 | AR-LpoUNG | ||
| 005 | 20210201232350.0 | ||
| 007 | co ||u|||uuuuu | ||
| 008 | 191001s2013||||ag |||||||||||||||||spa d | ||
| 040 |
_aAR-LpoUNG _bspa _cAR-LpoUNG _eaacr |
||
| 041 | _aspa | ||
| 044 | _aag | ||
| 082 | 0 | _a305 59-2013 | |
| 245 | 1 | 0 |
_aMapa nacional de la discriminación : _b2013 : segunda serie de estadísticas sobre la discriminación en Argentina |
| 250 | _a1§ ed. | ||
| 260 |
_aBuenos Aires : _bINADI, _c2013. |
||
| 300 | _agrafs., tbls. | ||
| 650 | 4 | _aARGENTINA | |
| 650 | 4 | _aDESIGUALDAD SOCIAL | |
| 650 | 4 | _aDISCRIMINACION | |
| 650 | 4 | _aDISCRIMINACION ECONOMICA | |
| 650 | 4 | _aDISCRIMINACION RACIAL | |
| 650 | 4 | _aDISCRIMINACION RELIGIOSA | |
| 650 | 4 | _aESTADISTICAS | |
| 650 | 4 | _aINVESTIGACION | |
| 650 | 4 | _aMIGRANTES | |
| 650 | 4 | _aPOBLACION INDIGENA | |
| 650 | 4 | _aRELIGION | |
| 650 | 4 | _aSEXUALIDAD | |
| 651 | 4 | _aArgentina | |
| 653 | _aDIVERSIDAD SEXUAL | ||
| 653 | _aXENOFOBIA | ||
| 710 | 2 | _aArgentina. Ministerio de Justicia y Derechos Humanos | |
| 710 | 2 | _aInstituto Nacional contra la Discriminación, la Xenofobia y el Racismo (Argentina) | |
| 905 | _a50782 | ||
| 942 | _cCDDVD | ||
| 999 |
_c53489 _d53489 |
||